000 00849cam a22002054a 4500
005 20250605164225.0
008 250528s ||||||||||||||||||||||||d
035 _a20837
020 _a9780194001786
040 _aGR-AtMCL
_bgre
_dGR-AtMCL
_eAACR2
245 1 _aOxford EAP / A Course in English for Academic Purposes Upper - Intermediate B2
260 _bOxford University Press,
_c2013
300 _a240
520 _aUpper- Intermediate/ B2 - Intergraded skills & language - Authentic Academic texts - Lecture Extracts on DVD-ROM. Education, Systems, Communication, Order, Intelligence, Change, Culture, Interpretation, Persuasion, Connection, Technology, Independence, Glossary of Grammatical and Academic Terms.
700 1 _aChazal Edward
_96812
700 1 _aMccarter Sam
_96813
942 _cBK
999 _c5919
_d5919